ბათუმის შოთა რუსთაველის სახელმწიფო უნივერსიტეტის ბიბლიოთეკა

საზღვარგარეთის სამეცნიერო ცენტრები : (ბიბ.ჩანაწერი № 37769)

000 -ლიდერი
ფიქსირებული სიგრძის საკონტროლო ველი 01504nam a2200229Ia 4500
001 - საკონტროლო ნომერი
საკონტროლო ველი 3746
003 - საკონტროლო ნომრის იდენტიფიკატორი
საკონტროლო ველი GE_BSU
005 - ბოლო ოპერაციის თარიღი და დრო
საკონტროლო ველი 20190812151357.0
008 - ფიქსირებული სიგრძის მონაცემთა ელემენტები - ზოგადი ინფორმაცია
ფიქსირებული სიგრძის საკონტროლო ველი 181216s1975||||ge |||||||||||||| ||geo||
040 ## - კატალოგიზაციის წყარო
Transcribing agency GE_BSU
041 ## - ენის კოდი
Language code of text/sound track or separate title geo
080 ## - უნივერსალური ათობითი კლასიფიკაციის ინდექსი
Universal Decimal Classification number 001(035) ს–17
245 ## - ცნობა სათაურის შესახებ
Title საზღვარგარეთის სამეცნიერო ცენტრები :
Remainder of title ცნობარი /
Statement of responsibility, etc რედ. ი. მირცხულავა, ე. ბერაძე, ო. გვინჩიძე და სხვ. საქ. სსრ მეცნ. აკადემიის საზ-ბრივ მეცნ. დარგში სამეც. ინფორმაციის სექტორი.
264 ## - წარმოების, გამოცემის, დისტრიბუციის და სხვა ცნობები
გამოცემის, წარმოების, დისტრიბუციის... ადგილი თბილისი
გამოცემის, წარმოების, დისტრიბუციის... სახელწოდება მეცნიერება
გამოცემის, წარმოების, დისტრიბუციის... თარიღი 1975
300 ## - ფიზიკური აღწერა
Extent 102 გვ. ;
Other physical details 22 სმ.
653 ## - INDEX TERM--UNCONTROLLED
Uncontrolled term სამეცნიერო ცენტრები საზღვარგარეთის ქვეყნებში - ცნობარები
700 ## - ADDED ENTRY--PERSONAL NAME
Personal name მირცხულავა, ი.
Relator term რედაქტორი
9 (RLIN) 1114
700 ## - ADDED ENTRY--PERSONAL NAME
Personal name ბერაძე, ე.
Relator term რედაქტორი
9 (RLIN) 3512
700 ## - ADDED ENTRY--PERSONAL NAME
Personal name გვინჩიძე, ო. და სხვ.
Relator term რედაქტორი
9 (RLIN) 3513
710 ## - ADDED ENTRY--CORPORATE NAME
Corporate name or jurisdiction name as entry element საქ. სსრ მეცნ. აკადემიის საზ-ბრივ მეცნ. დარგში სამეც. ინფორმაციის სექტორი.
9 (RLIN) 3514
942 ## - ADDED ENTRY ELEMENTS (KOHA)
Koha item type წიგნი
Source of classification or shelving scheme
ეგზემპლარები
ჩამოწერის სტატუსი დაკარგული ეგზემპლარის სტატუსი კლასიფიკაციის წყარო ან თაროზე გაწყობის სქემა დაზიანების სტატუსი არ გაიცემა მუდმივი მდებარეობა (დაცვის ადგილი) ამჟამინდელი ადგილსამყოფელი თაროზე განთავსების ადგილი შეძენის თარიღი ღირებულება, შესყიდვის ნორმალური ფასი სრული შენახვის შიფრი შტრიხკოდი ბოლო ოპერაციის თარიღი ეგზემპლარის მიმდევრობითი ნომერი (კეტერი?) ფასის ძალაში შესვლის თარიღი ეგზემპლარის სახეობა საჯარო შენიშვნა
          ბათუმის შოთა რუსთაველის სახელმწიფო უნივერსიტეტის მთავარი ბიბლიოთეკა ბათუმის შოთა რუსთაველის სახელმწიფო უნივერსიტეტის მთავარი ბიბლიოთეკა წიგნსაცავი 2018-12-17 1.00 001(035) ს–17 5377 2018-12-17 5377 2018-12-17 წიგნი 1 ლ.